000
00338nam a2200133Ia 4500
008
220216s9999 xx 000 0 und d
100
_a
Saj Mathews A
245
0
_a
Kaliyar estate preserving a bygone legacy
260
_b
Rubber Asia
_c
2016
300
_a
150-153
500
_a
Source Year: 2016
650
_a
Kaliyar estate
942
_c
JS
999
_c
61823
_d
61823